Despertador christiano quadragesimal de sermones doctrinales, para todos los dias de la quaresma, con remissiones copiosas al Despertador christiano, de sermones enteros para los mismos dias

Detalles Bibliográficos
Autor principal: Barcia y Zambrana, José de fl. 1678
Formato: Libro
Lenguaje:Spanish
Publicado: en Cadiz 1697
Edición:Segunda impression
Materias:
Colección:Banco de datos
Acervo:Biblioteca Armando Olivares Carrillo de la Universidad de Guanajuato. Fondo Conventos
Descripción Física:3 t. f°
Tema general:Homilética
Notas:Marca de fuego: Convento de san Agustín de Celaya, Gto. (5214, 5216)
Ex libris manuscrito: "Ad usus P. Scet. Ysapurres pertinet ad... de Zelaya" (5214)
Daños en la encuadernación
LEADER 01105nam a22002170004500
035 |a 2891 
041 0 |a spa 
050 4 |a BV4207  |b B3 
100 1 |a Barcia y Zambrana, José de  |d fl. 1678 
245 1 0 |a Despertador christiano quadragesimal de sermones doctrinales, para todos los dias de la quaresma, con remissiones copiosas al Despertador christiano, de sermones enteros para los mismos dias  |c su autor el illmo. y Rmo. Sr. D. Joseph de Barcia y Zambrana, obispo de Cadiz, del Consejo de su magestad, vicario general de la armada de el mar oceano, etc 
250 |a Segunda impression 
260 |a en Cadiz  |b en la imprenta de Christoval de Requena  |c 1697 
300 |a 3 t.  |c f° 
500 |a Marca de fuego: Convento de san Agustín de Celaya, Gto. (5214, 5216) 
500 |a Ex libris manuscrito: "Ad usus P. Scet. Ysapurres pertinet ad... de Zelaya" (5214) 
500 |a Daños en la encuadernación 
650 1 0 |a Homilética 
949 |a CO. t. 1 (5214, 5216) 
942 |c GUANAJUATO 
943 |g Biblioteca Armando Olivares Carrillo de la Universidad de Guanajuato. Fondo Conventos 
999 |c 1146848  |d 1146848